000 00302nam a2200109Ia 4500
008 220204s9999 xx 000 0 und d
082 _a031
_bBOO
100 _aBOOK, Stephen A
245 0 _aStatistics: Basic techniques for solving applied problems
260 _aNew York
_bMcGraw Hill
_c1977
942 _cBK
999 _c25582
_d25582